| 000 | 00548nam a2200229 a 4500 | ||
|---|---|---|---|
| 001 | nice12345678 | ||
| 003 | IN_TiNIC | ||
| 005 | 20260116011350.0 | ||
| 008 | 050524s1968 lona grp 000 0 eng | ||
| 020 |
_a _c100 |
||
| 082 | 0 | 0 |
_a659.132 _bCOX |
| 100 | _aCoxill, H Wakelin | ||
| 245 | _aWorld Christian Handbook | ||
| 260 |
_aLondon _bLutterworth Press _c1968 |
||
| 300 | _a378p | ||
| 500 | _aincludes index and biblioraphy | ||
| 505 | 2 | _aIndex | |
| 650 | _aDirectory-Christianity | ||
| 902 | _bRHR | ||
| 942 | _cBK | ||
| 999 |
_c890 _d890 |
||